|
|
|
|
| LEADER |
00000nam0a2200000 4500 |
| 001 |
275259 |
| 005 |
20231101234815.0 |
| 035 |
|
|
|a (RuTPU)RU\TPU\book\298492
|
| 090 |
|
|
|a 275259
|
| 100 |
|
|
|a 20141112d1985 k y0rusy50 ca
|
| 101 |
0 |
|
|a rus
|
| 102 |
|
|
|a LV
|
| 105 |
|
|
|a a z 001zy
|
| 200 |
1 |
|
|a Асимптотические методы обращения интегральных преобразований
|f М. А. Белов, Т. Т. Цирулис
|g Латвийский государственный университет им. Петра Стучки
|
| 210 |
|
|
|a Рига
|c Зинатне
|d 1985
|
| 215 |
|
|
|a 286 с.
|c ил.
|
| 320 |
|
|
|a Библиогр.: с. 272-284
|
| 606 |
1 |
|
|a Математический анализ
|2 stltpush
|3 (RuTPU)RU\TPU\subj\41236
|9 61042
|
| 610 |
1 |
|
|a интегральные преобразования
|
| 610 |
1 |
|
|a асимптотические методы
|
| 610 |
1 |
|
|a интегральные уравнения
|
| 610 |
1 |
|
|a преобразования Лапласа
|
| 610 |
1 |
|
|a сглаживание
|
| 610 |
1 |
|
|a примерение
|
| 610 |
1 |
|
|a аналитическая информация
|
| 610 |
1 |
|
|a численная реализация
|
| 675 |
|
|
|a 517.4
|v 4
|
| 700 |
|
1 |
|a Белов
|b М. А.
|g Михаил Александрович
|
| 701 |
|
1 |
|a Цирулис
|b Т. Т.
|g Теодор Теодорович
|
| 712 |
0 |
2 |
|a Латвийский государственный университет им. Петра Стучки
|2 stltpush
|3 (RuTPU)RU\TPU\col\7102
|9 24292
|
| 801 |
|
1 |
|a RU
|b 63413507
|c 20141112
|
| 801 |
|
2 |
|a RU
|b 63413507
|c 20170329
|g RCR
|
| 942 |
|
|
|c BK
|